Campo de trânsito (Registo nº 32464)

Detalhes MARC
000 -Etiqueta do registo
campo de controlo de comprimento fixo 006080000a22001930004500
001 - Identificador do registo
Campo de controlo 32464
010 ## - ISBN
Número (ISBN) 978-972-21-1864-4
100 ## - Dados Gerais de Proc.
Dados gerais de processamento 20140116d2007 m y0pory5003 ba
101 0# - Língua da publicação
Língua do texto, banda sonora, etc. Português
102 ## - País de Publicação
País de publicação Portugal
200 1# - Título
Título próprio Campo de trânsito
Primeira menção de responsabilidade João Paulo Borges Coelho
210 ## - Publicação, Distribuição
Lugar da edição, distribuição, etc. Lisboa
Nome do editor, distribuidor, etc. Caminho
Data da publicação, distribuição, etc. 2007
215 ## - Descrição física
Descrição física 209 p
225 2# - Colecção
Título próprio da colecção Outras margens
Nome de uma parte ou secção Autores estrangeiros de língua portuguesa
Indicação de volume 62
675 ## - CDU
Notação 821.134.3(679)-31"20"
Edição BN
Língua da edição Português
700 #1 - Responsabilidade principal
Palavra de ordem Coelho
Outra parte do nome João Paulo Borges
Datas 1955-
090 ## - Números de controlo do sistema (Koha)
Número biblioitem do Koha (gerado automaticamente) 32464
942 ## - Elementos de entrada adicionados (Koha)
Tipo de item no Koha Monografias
Suprimido Disponível no OPAC
999 ## - Campo local
Campo local 32464
-- Bibliobase - BMTAV
-- 2019-01-21
Exemplares
Removido (estado) Perdido (estado) Data de aquisição Origem do registo (biblioteca) (codificado) Código da organização que empresta ou é detentora (biblioteca) Código de barras Local Número de inventário Cota Data de empréstimo ou depósito Tipo de circulação (não pode ser emprestado) Tipo de item e material
Disponível Disponível 2014-01-16 Biblioteca Municipal Álvaro de Campos Biblioteca Municipal Álvaro de Campos BMTAV51116 Sala de Adultos 51116 R4 COE 2023-06-01 Normal Monografias